Europäische Hauptstädte – Sudden Death - Statistiken

Allgemein
  • Dieses Quiz wurde 76 mal gespielt
  • Das Durchschnittsergebnis liegt bei 11 aus 20
Answers on the Grid
Answers color-coded by a green-red scale on the quiz's grid according to % correct below.
 
Antwortstatistiken
Antwort % Korrekt
Paris
95%
Berlin
95%
Rome
89%
Amsterdam
80%
Vienne
66%
Prague
64%
Copenhague
61%
Madrid
56%
Tallinn
55%
Bratislava
55%
Riga
53%
Bern
50%
Monaco
50%
Bruxelles
48%
Vaduz
45%
Stockholm
45%
Helsinki
41%
Lisbonne
38%
Dublin
28%
Oslo
9%
Keine übereinstimmenden Quizze gefunden
Verteilung der Resultate
Anzahl Personen mit jedem Resultat
Perzentil nach korrekt beantworteten Fragen
Ihre Resultats-Entwicklung
Sie haben dieses Quiz noch nicht gespielt